00827 2200289 4500001002100000005001500021035002500036008004100061020002200102040001700124082001200141084001400153100002500167245008000192260003800272300003800310650003300348700001000381850001200391007000300403090001800406090002100424504002900445999002100474990002100495990002100516INLIS00000000001537120200622090406 a0010-101500000001105151030s2015 yoia g | eng d a978-602-288-138-4 aYOPDYOGbind04222a428 a428 TRI s0 aTri Cahyanti,d1990- 0aSimple english conversation & vocabulary /cTri Cahyanti; ilustrator, Fikri3 aYogyakarta :bBuku Pintar.,c2015 a264 halaman :bilustrasi ;c15 cm 4aBahasa Inggris--xPercakapan0 aFikri aYOPDYOGta aDEP 428 TRI s aCB-D.11 2015-634 aBibliografi: halaman 262 aCB-D.11/2015-634 aCB-D.11/2015-634 aCB-D.11/2015-634